15 Seconds - Draw All Country Borders and Borderless Countries - Statistics

General Stats
  • This quiz has been taken 30 times
  • The average score is 4 of 353
Answers on the Map
Answers color-coded by a green-red scale on the quiz's map according to % correct below.
 
Answer Stats
ANSWER % Correct
Canada-United States
54%
China-Russia
46%
Mexico-United States
36%
China-Mongolia
18%
Argentina-Brazil
14%
Mongolia-Russia
14%
Antigua and Barbuda
7%
Cape Verde
7%
China-India
7%
China-North Korea
7%
Cuba
7%
Finland-Russia
7%
Finland-Sweden
7%
France-Germany
7%
Japan
7%
Nauru
7%
Niger-Nigeria
7%
Norway-Sweden
7%
Argentina-Chile
4%
Bahamas
4%
Belize-Mexico
4%
Bhutan-China
4%
Brazil-France
4%
Brazil-Peru
4%
Chad-Niger
4%
China-Kazakhstan
4%
China-Laos
4%
China-Myanmar
4%
China-Nepal
4%
China-Vietnam
4%
Costa Rica-Panama
4%
Democratic Republic of the Congo-Republic of the Congo
4%
Denmark-Germany
4%
Dominica
4%
Dominican Republic-Haiti
4%
Fiji
4%
Finland-Norway
4%
France-Switzerland
4%
Grenada
4%
Guatemala-Mexico
4%
Guinea-Senegal
4%
India-Nepal
4%
Indonesia-Papua New Guinea
4%
Iran-Iraq
4%
Ireland-United Kingdom
4%
Mali-Mauritania
4%
Mali-Niger
4%
Mali-Senegal
4%
Norway-Russia
4%
Palau
4%
Portugal-Spain
4%
Samoa
4%
São Tomé and Príncipe
4%
Spain-United Kingdom
4%
Taiwan
4%
Tuvalu
4%
Afghanistan-China
0%
Afghanistan-Iran
0%
Afghanistan-Pakistan
0%
Afghanistan-Tajikistan
0%
Afghanistan-Turkmenistan
0%
Afghanistan-Uzbekistan
0%
Albania-Greece
0%
Albania-Kosovo
0%
Albania-Montenegro
0%
Albania-North Macedonia
0%
Algeria-Libya
0%
Algeria-Mali
0%
Algeria-Mauritania
0%
Algeria-Morocco
0%
Algeria-Niger
0%
Algeria-Tunisia
0%
Andorra-France
0%
Andorra-Spain
0%
Angola-Democratic Republic of the Congo
0%
Angola-Namibia
0%
Angola-Republic of the Congo
0%
Angola-Zambia
0%
Argentina-Bolivia
0%
Argentina-Paraguay
0%
Argentina-Uruguay
0%
Armenia-Azerbaijan
0%
Armenia-Georgia
0%
Armenia-Iran
0%
Armenia-Turkey
0%
Australia
0%
Austria-Czech Republic
0%
Austria-Germany
0%
Austria-Hungary
0%
Austria-Italy
0%
Austria-Liechtenstein
0%
Austria-Slovakia
0%
Austria-Slovenia
0%
Austria-Switzerland
0%
Azerbaijan-Georgia
0%
Azerbaijan-Iran
0%
Azerbaijan-Russia
0%
Bahrain
0%
Bangladesh-India
0%
Bangladesh-Myanmar
0%
Barbados
0%
Belarus-Latvia
0%
Belarus-Lithuania
0%
Belarus-Poland
0%
Belarus-Russia
0%
Belarus-Ukraine
0%
Belgium-France
0%
Belgium-Germany
0%
Belgium-Luxembourg
0%
Belgium-Netherlands
0%
Belize-Guatemala
0%
Benin-Burkina Faso
0%
Benin-Niger
0%
Benin-Nigeria
0%
Benin-Togo
0%
Bhutan-India
0%
Bolivia-Brazil
0%
Bolivia-Chile
0%
Bolivia-Paraguay
0%
Bolivia-Peru
0%
Bosnia and Herzegovina-Croatia
0%
Bosnia and Herzegovina-Montenegro
0%
Bosnia and Herzegovina-Serbia
0%
Botswana-Namibia
0%
Botswana-South Africa
0%
Botswana-Zimbabwe
0%
Brazil-Colombia
0%
Brazil-Guyana
0%
Brazil-Paraguay
0%
Brazil-Suriname
0%
Brazil-Uruguay
0%
Brazil-Venezuela
0%
Brunei-Malaysia
0%
Bulgaria-Greece
0%
Bulgaria-North Macedonia
0%
Bulgaria-Romania
0%
Bulgaria-Serbia
0%
Bulgaria-Turkey
0%
Burkina Faso-Ghana
0%
Burkina Faso-Ivory Coast
0%
Burkina Faso-Mali
0%
Burkina Faso-Niger
0%
Burkina Faso-Togo
0%
Burundi-Democratic Republic of the Congo
0%
Burundi-Rwanda
0%
Burundi-Tanzania
0%
Cambodia-Laos
0%
Cambodia-Thailand
0%
Cambodia-Vietnam
0%
Cameroon-Central African Republic
0%
Cameroon-Chad
0%
Cameroon-Equatorial Guinea
0%
Cameroon-Gabon
0%
Cameroon-Nigeria
0%
Cameroon-Republic of the Congo
0%
Central African Republic-Chad
0%
Central African Republic-Democratic Republic of the Congo
0%
Central African Republic-Republic of the Congo
0%
Central African Republic-South Sudan
0%
Central African Republic-Sudan
0%
Chad-Libya
0%
Chad-Nigeria
0%
Chad-Sudan
0%
Chile-Peru
0%
China-Kyrgyzstan
0%
China-Pakistan
0%
China-Tajikistan
0%
Colombia-Ecuador
0%
Colombia-Panama
0%
Colombia-Peru
0%
Colombia-Venezuela
0%
Comoros
0%
Costa Rica-Nicaragua
0%
Croatia-Hungary
0%
Croatia-Montenegro
0%
Croatia-Serbia
0%
Croatia-Slovenia
0%
Cyprus
0%
Czech Republic-Germany
0%
Czech Republic-Poland
0%
Czech Republic-Slovakia
0%
Democratic Republic of the Congo-Rwanda
0%
Democratic Republic of the Congo-South Sudan
0%
Democratic Republic of the Congo-Tanzania
0%
Democratic Republic of the Congo-Uganda
0%
Democratic Republic of the Congo-Zambia
0%
Djibouti-Eritrea
0%
Djibouti-Ethiopia
0%
Djibouti-Somalia
0%
East Timor-Indonesia
0%
Ecuador-Peru
0%
Egypt-Israel
0%
Egypt-Libya
0%
Egypt-Sudan
0%
El Salvador-Guatemala
0%
El Salvador-Honduras
0%
Equatorial Guinea-Gabon
0%
Eritrea-Ethiopia
0%
Eritrea-Sudan
0%
Estonia-Latvia
0%
Estonia-Russia
0%
Eswatini-Mozambique
0%
Eswatini-South Africa
0%
Ethiopia-Kenya
0%
Ethiopia-Somalia
0%
Ethiopia-South Sudan
0%
Ethiopia-Sudan
0%
Federated States of Micronesia
0%
France-Italy
0%
France-Luxembourg
0%
France-Netherlands
0%
France-Spain
0%
France-Suriname
0%
Gabon-Republic of the Congo
0%
Gambia-Senegal
0%
Georgia-Russia
0%
Georgia-Turkey
0%
Germany-Luxembourg
0%
Germany-Netherlands
0%
Germany-Poland
0%
Germany-Switzerland
0%
Ghana-Ivory Coast
0%
Ghana-Togo
0%
Greece-North Macedonia
0%
Greece-Turkey
0%
Guatemala-Honduras
0%
Guinea-Bissau-Senegal
0%
Guinea-Guinea-Bissau
0%
Guinea-Ivory Coast
0%
Guinea-Liberia
0%
Guinea-Mali
0%
Guinea-Sierra Leone
0%
Guyana-Suriname
0%
Guyana-Venezuela
0%
Honduras-Nicaragua
0%
Hungary-Romania
0%
Hungary-Serbia
0%
Hungary-Slovakia
0%
Hungary-Slovenia
0%
Hungary-Ukraine
0%
Iceland
0%
India-Myanmar
0%
India-Pakistan
0%
Indonesia-Malaysia
0%
Iran-Pakistan
0%
Iran-Turkey
0%
Iran-Turkmenistan
0%
Iraq-Jordan
0%
Iraq-Kuwait
0%
Iraq-Saudi Arabia
0%
Iraq-Syria
0%
Iraq-Turkey
0%
Israel-Jordan
0%
Israel-Lebanon
0%
Israel-Syria
0%
Italy-San Marino
0%
Italy-Slovenia
0%
Italy-Switzerland
0%
Ivory Coast-Liberia
0%
Ivory Coast-Mali
0%
Jamaica
0%
Jordan-Saudi Arabia
0%
Jordan-Syria
0%
Kazakhstan-Kyrgyzstan
0%
Kazakhstan-Russia
0%
Kazakhstan-Turkmenistan
0%
Kazakhstan-Uzbekistan
0%
Kenya-Somalia
0%
Kenya-South Sudan
0%
Kenya-Tanzania
0%
Kenya-Uganda
0%
Kiribati
0%
Kosovo-Montenegro
0%
Kosovo-North Macedonia
0%
Kosovo-Serbia
0%
Kuwait-Saudi Arabia
0%
Kyrgyzstan-Tajikistan
0%
Kyrgyzstan-Uzbekistan
0%
Laos-Myanmar
0%
Laos-Thailand
0%
Laos-Vietnam
0%
Latvia-Lithuania
0%
Latvia-Russia
0%
Lebanon-Syria
0%
Lesotho-South Africa
0%
Liberia-Sierra Leone
0%
Libya-Niger
0%
Libya-Sudan
0%
Libya-Tunisia
0%
Liechtenstein-Switzerland
0%
Lithuania-Poland
0%
Lithuania-Russia
0%
Madagascar
0%
Malawi-Mozambique
0%
Malawi-Tanzania
0%
Malawi-Zambia
0%
Malaysia-Thailand
0%
Maldives
0%
Malta
0%
Marshall Islands
0%
Mauritania-Morocco
0%
Mauritania-Senegal
0%
Mauritius
0%
Moldova-Romania
0%
Moldova-Ukraine
0%
Montenegro-Serbia
0%
Morocco-Spain
0%
Mozambique-South Africa
0%
Mozambique-Tanzania
0%
Mozambique-Zambia
0%
Mozambique-Zimbabwe
0%
Myanmar-Thailand
0%
Namibia-South Africa
0%
Namibia-Zambia
0%
New Zealand
0%
North Korea-Russia
0%
North Korea-South Korea
0%
North Macedonia-Serbia
0%
Oman-Saudi Arabia
0%
Oman-United Arab Emirates
0%
Oman-Yemen
0%
Philippines
0%
Poland-Russia
0%
Poland-Slovakia
0%
Poland-Ukraine
0%
Qatar-Saudi Arabia
0%
Romania-Serbia
0%
Romania-Ukraine
0%
Russia-Ukraine
0%
Rwanda-Tanzania
0%
Rwanda-Uganda
0%
Saint Kitts and Nevis
0%
Saint Lucia
0%
Saint Vincent and the Grenadines
0%
Saudi Arabia-United Arab Emirates
0%
Saudi Arabia-Yemen
0%
Seychelles
0%
Singapore
0%
Slovakia-Ukraine
0%
Solomon Islands
0%
South Africa-Zimbabwe
0%
South Sudan-Sudan
0%
South Sudan-Uganda
0%
Sri Lanka
0%
Syria-Turkey
0%
Tajikistan-Uzbekistan
0%
Tanzania-Uganda
0%
Tanzania-Zambia
0%
Tonga
0%
Trinidad and Tobago
0%
Turkmenistan-Uzbekistan
0%
Vanuatu
0%
Zambia-Zimbabwe
0%
No matching quizzes found
Score Distribution
Percent of People with Each Score
Percentile by Number Answered
Your Score History
You have not taken this quiz